| 000 | 01648nam a22003497a 4500 | ||
|---|---|---|---|
| 001 | 103511 | ||
| 003 | KnowledgeUnlatched | ||
| 005 | 20210303104652.0 | ||
| 006 | m o d | ||
| 007 | cr u|||||||||| | ||
| 008 | 210129p20182019xxk o u00| u eng d | ||
| 037 | _5BiblioBoard | ||
| 245 | 0 | 0 |
_aRoyal tourists, colonial subjects and the making of a British world, 1860-1911 _cCharles Reed. |
| 020 | _a9781784996260 | ||
| 029 | 1 | _ahttps://library.biblioboard.com/ext/api/media/a671b23b-0238-44a6-938d-351102185fb6/assets/thumbnail.jpg | |
| 040 |
_aScCtBLL _cScCtBLL |
||
| 100 | 1 |
_aReed, Charles _eauthor. |
|
| 264 | 1 | _bManchester University Press, | |
| 300 | _a1 online resource (1 p.) | ||
| 506 | 0 |
_aAccess copy available to the general public. _fUnrestricted _2star |
|
| 520 | _aExamines the nineteenth-century royal tour from the perspectives of various historical actors - including royals, politicians and indigenous people - in order to demonstrate how a multi-valent British culture was created throughout the empire. | ||
| 588 | 0 | _aDescription based on print version record. | |
| 590 | _aKnowledge Unlatched Round 2 | ||
| 650 | 7 |
_aHistory _2bisacsh |
|
| 650 | 0 | _aHistory | |
| 655 | 0 | _aElectronic books. | |
| 758 |
_iIs found in: _aKnowledge Unlatched Round 2 _1https://openresearchlibrary.org/module/7e500862-ce21-4888-8253-ce0c16e934e3 |
||
| 856 | 4 | 0 |
_uhttps://openresearchlibrary.org/content/a671b23b-0238-44a6-938d-351102185fb6 _zView this content on Open Research Library. _70 |
| 999 |
_c32263 _d32263 |
||